Responses for Show #6013 - Wednesday, November 3, 2010

Contestants

[<< previous game]

Vito Cortese, a software engineer and Italian translator from Pittsburgh, Pennsylvania

Anne McFadden, an antitrust attorney from Washington, D.C.

Dave Ellis, a singer-songwriter from Los Angeles, California (whose 1-day cash winnings total $16,000)

[next game >>]

Jeopardy! Round responses

OTHER CIVIL WARS
ALPHABETICALLY FIRST
CIRCUS HISTORY
FOOD SPECIFICS
GOLF
"TEE" TIME
    $200 26
Germany

Dave
    $200 16
a bishop

Vito
    $200 21
a big-top (or tent)

Dave
    $200 6
broth (or soup)

Anne
    $200 1
away

Vito
    $200 11
committee

Vito
    $400 27
Mexico

Vito
    $400 17
Connecticut

Vito
    $400 22
(Dave: What's three?)

four

DaveVito
    $400 7
corn

Dave
    $400 2
a divot

Vito
    $400 12
a goatee

Anne
    $1,200 28
Spain

Vito
    $600 18
Hank Aaron

Vito
    $600 23
the Ringling Brothers

Dave
    $600 8
(Vito: What is bread?)
(Alex: Be a little more specific.)
(Vito: What is baked bread?)

pastry

AnneVito
    $600 3
a dimple

Vito
    $600 13
a guarantee

Vito
    $800 29
France

Triple Stumper
    $800 19
(Anne: What is Annapolis?)

Albany, New York

Anne
Triple Stumper
    $800 24
the lion's mouth

Dave
    $800 9
rye

Dave
    $800 4
a putter

Vito
    $800 14
a trustee

Anne
    $1000 30
Ireland

Triple Stumper
    $1000 20
Amos

Vito
    $1000 25
the Wallendas

Vito
    $1000 10
cheese

Dave
    $1000 5
Augusta

Dave
    $1000 15
a manatee

Dave

Scores at the first commercial break (after clue 15):

Dave Anne Vito
$4,200 $2,000 $2,200

Scores at the end of the Jeopardy! Round:

Dave Anne Vito
$5,600 $1,200 $7,400

Double Jeopardy! Round responses

HOME COUNTRY OF THE U.N. SECRETARY-GENERAL
SCI FI MOVIE SUMMARIES
ART MUSEUM EXHIBITS
LITERARY TERMS
DEPARTMENT OF REDUNDANCY DEPARTMENT
THE HALL OF HUMAN ORIGIN
(Kelly: It opened in 2010 as the latest eye-opening exhibit in the Smithsonian's National Museum of Natural History.)
    $400 11
South Korea

Anne
    $400 6
Close Encounters of the Third Kind

Dave
    $400 20
the Netherlands

Dave
    $400 23
the characters

Anne
    $400 22
"time after time"

Anne
    $400 1
crocodiles

Anne
    $800 12
Austria

Vito
    $800 7
2001: A Space Odyssey

Vito
    $800 24
(Vito: What is a syllabus?)

a synopsis

Vito
Triple Stumper
    $800 21
play-by-play man

Dave
    $800 2
(Anne: What is Homo erectus?)

a Neanderthal

AnneVito
    $1200 13
Egypt

Triple Stumper
    $1200 8
Blade Runner

Triple Stumper
    $1200 29
(Vito: Who is Eisenstaedt?)
[The end-of-round signal sounds.]

Alfred Stieglitz

Vito
Triple Stumper
    $2,000 16
(Vito: What a lay?)

an elegy

Vito
    $1200 17
"it's over"

Vito
    $1200 3
Lucy

Vito
    $1600 14
Ghana

Triple Stumper
    $1600 9
Alien

Vito
    $1600 28
Expressionism

Vito
    $1600 25
the refrains

Triple Stumper
    $1600 18
door-to-door

Vito
    $1600 4
Australopithecus

Vito
    $2000 15
Norway

Vito
    $2000 10
Outland

Triple Stumper
    $2000 27
Henri Matisse

Triple Stumper
    $2000 26
Petrarch

Vito
    $2,000 19
an eye for an eye

Vito
    $2000 5
Heidelberg

Triple Stumper

Scores at the end of the Double Jeopardy! Round:

Dave Anne Vito
$7,200 $2,000 $20,600
(lock game)

[wagering suggestions for these scores]

Final Jeopardy! Round responses

BILLBOARD NO. 1 HITMAKERS
AnneWho is Louis Armstrong?
$2,000
DaveWho is Louis Armstr
$1
VitoWho is Louis Armstrong?
$1,085
Louis Armstrong

Final scores:

Dave Anne Vito
$7,199 $4,000 $21,685
2nd place: $2,000 3rd place: $1,000 New champion: $21,685

Game dynamics:

Coryat scores:

Dave Anne Vito
$7,200 $2,000 $22,000
12 R,
1 W
8 R,
2 W
26 R
(including 2 DDs),
4 W
(including 1 DD)

Combined Coryat: $31,200

[game clues] [game scores] [suggest correction]

Game tape date: 2010-08-24
The J! Archive is created by fans, for fans. Scraping, republication, monetization, and malicious use prohibited; this site may use cookies and collect identifying information. See terms. The Jeopardy! game show and all elements thereof, including but not limited to copyright and trademark thereto, are the property of Jeopardy Productions, Inc. and are protected under law. This website is not affiliated with, sponsored by, or operated by Jeopardy Productions, Inc. Join the discussion at JBoard.tv.